| 000 | 00540nam a2200157Ia 4500 | ||
|---|---|---|---|
| 001 | 6530 | ||
| 008 | 260427s9999 xx 000 0 und d | ||
| 245 | 0 |
_aAllan Sekula: Photography at Work/ _cText: Marie Muracciole |
|
| 260 |
_bBeirut Art Center; _c2017 |
||
| 300 |
_a40p; _c30x22cm _e20 page insert |
||
| 520 | _aExhibition catalog. 28 June- 29 September 2017 @ Beirut Art Center. Curator and Editor: Marie Muracciole. | ||
| 546 | _aEnglish; Arabic | ||
| 650 | _aTR624-835 Technology- Applied Photography | ||
| 651 | _aUSA | ||
| 942 | _cBK | ||
| 999 |
_c6530 _d6530 |
||